01721cam a2200385 i 4500001000500000005001700005020001800022040030800040050002400348082001200372100004300384245005200427260003800479300005700517505000600574520015100580521001700731521001800748650005300766650002300819650002400842650002200866650003400888650002000922650004600942650004900988650006001037655002301097655003201120655002201152655004801174655003901222655004601261655002801307190120240105090254.0 a9780394800790 aFTaLbengcDLCdFTLdBAKERdBTCTAdYDXCPdXY4dCUSdU9SdLF8dOCLCQdNSBdMNWdBDXdNSBdUOIdTXBXLdOCLCQdOCLCFdOCLCAdOCLCQdT7FdUAHdOCLCOdCZLdCGBdOCLCQdIADdOCLdOCLCQdOCLCOdALRCPdOCLCQdQQ3dTXJASdCKIdOCLCOdCPOdLENOTdOCLCOdXFFdIHVdLMJdTL4dOCLCAdJX9dNJTdOCLCOdDLCdFISKHerda00aPZ8.3.G276bHq 198504a[E]2201 aGeisel, Theodor SeusscDr.d1904--199110aHow the Grinch stole Christmas /cby Dr. Seuss. aNew York :bRandom House,c[1957] a60 unnumbered pages :bcolor illustrations ;c29 cm. aK aThe Grinch tries to stop Christmas from arriving by stealing all the presents and food from the village, but much to his surprise it comes anyway.8 a590 bLexile8 aK bRaz-Plus 0aGrinch (Fictitious character)vJuvenile fiction. 0aChristmas stories. 1aChristmasvFiction. 1aStories in rhyme. 6aNoëlvOuvrages illustrés. 6aNoëlvContes. 6aHistoires riméesvOuvrages illustrés. 7aChristmas stories.2fast0(OCoLC)fst00859866 7aGrinch (Fictitious character)2fast0(OCoLC)fst00947949 4aChristmas fiction. 4aPicture books for children. 4aStories in rhyme. 7aStories in rhyme.2fast0(OCoLC)fst01921738 7aFiction.2fast0(OCoLC)fst01423787 7aJuvenile works.2fast0(OCoLC)fst01411637 7aFantasy fiction.2lcgft